Θέατρο : έκδοση θεάρου, μουσικής, χορού και κινηματογράφου για το 1962

Αποθηκεύτηκε σε:
Λεπτομέρειες βιβλιογραφικής εγγραφής
Άλλοι συγγραφείς: Πλωρίτης, Μάριος, 1919-2006 (Συντάκτης)
Μορφή: Βιβλίο
Γλώσσα:Greek
Δημοσίευση: Αθήναι : [Θ. Κρίτας], [1962].
Θέματα:
Ετικέτες: Προσθήκη ετικέτας
Δεν υπάρχουν, Καταχωρήστε ετικέτα πρώτοι!

MARC

LEADER 00000cam a2200000 i 4500
001 1/57662
008 141007s1962 gr ||| | gre||
035 |l 10119389 
040 |a GR-MyUA  |b gre  |e AACR2 
041 0 |a gre 
082 0 |a 792.09495   |2 (23) 
245 1 0 |a Θέατρο :   |b έκδοση θεάρου, μουσικής, χορού και κινηματογράφου για το 1962 /   |c διεύθυνση συντάξεως: Μάριος Πλωρίτης.  
260 |a Αθήναι :   |b [Θ. Κρίτας],   |c [1962].  
300 |a 318 σ. :   |b εικ., φωτ. ;   |c 32 εκ.  
505 0 |a Χρονικό: Οκτώβριος 61 - Σεπτέμβριος 62.  
650 0 0 |a Theater  |z Greece  |x History and critism. 
700 1 |a Πλωρίτης, Μάριος,   |d 1919-2006,  |e com 
852 |a INST  |b SAMOS  |e 20141007  |h 792.09495 θΕΑ  |p 005300036527  |q 005300036527  |t BK  |y 0 
901 |a BIBL3-2014-3 
909 |a Σ  |b 178574 
970 |a ΓΟΥΒΑΛΑ  |b ΒΑΣΩ  |z 2014/10/07